000 00616nam a2200241 a 4500
001 nice12345678
003 IN_TiNIC
005 20260116014919.0
008 050816s2006 newa grp 000 0 eng
020 _a9780072874891
_c1200
082 0 0 _a303.69
_bJOH
100 _aJohnson, G Allan
245 _aPrivilege, Power, and Difference
260 _aNew York
_bMcgraw-Hill Book Co
_c2006
300 _a184p
500 _aincludes index and biblioraphy
505 2 _aNotes and Index
650 _aConflict Resolution
700 1 _aJohnson, G Allan
902 _bSRS
942 _cBK
999 _c17517
_d17517